| 000 | 00368nam a2200145Ia 4500 | ||
|---|---|---|---|
| 008 | 240624s9999 xx 000 0 und d | ||
| 041 | _aeng | ||
| 082 | _a338.973 HAW | ||
| 100 | _aHAWKEN PAUL | ||
| 245 | _aNATURAL CAPITALISM THE NEXT INDUSTRIAL R | ||
| 250 | _a11 | ||
| 260 |
_c2010 _aLondon _bEarthscan |
||
| 300 | _axxix, : 416 : p. : cm. ; 21 | ||
| 365 |
_cBPS _b25 |
||
| 999 |
_c17953 _d17953 |
||